|
|
|
|
| LEADER |
01931nam a2200457 4500 |
| 001 |
ocn874147034 |
| 003 |
OCoLC |
| 005 |
20180501122017.0 |
| 006 |
m o d |
| 007 |
cr cn||||||||| |
| 008 |
140123t20142014maua ob 001 0 eng d |
| 040 |
|
|
|a E7B
|b eng
|e rda
|e pn
|c E7B
|d OCLCO
|d UIU
|d OCLCF
|d OCLCA
|d OCLCQ
|d DEBBG
|d GrThAP
|
| 020 |
|
|
|a 9780127999296
|q (e-book)
|
| 020 |
|
|
|a 0127999299
|q (e-book)
|
| 020 |
|
|
|a 9780124202214
|
| 035 |
|
|
|a (OCoLC)874147034
|
| 050 |
|
4 |
|a QD181.C1
|b .C6 2014eb
|
| 082 |
0 |
4 |
|a 546.6812
|2 23
|
| 049 |
|
|
|a TEFA
|
| 245 |
0 |
0 |
|a CO₂ chemistry /
|c edited by Rudi van Eldik, Michele Aresta ; Antonella Angelini [and twenty-four others] ; contributors.
|
| 250 |
|
|
|a First edition.
|
| 264 |
|
1 |
|a Waltham, Massachusetts :
|b Academic Press,
|c 2014.
|
| 264 |
|
4 |
|c ©2014
|
| 300 |
|
|
|a 1 online resource (417 pages) :
|b illustrations, tables.
|
| 336 |
|
|
|a text
|b txt
|2 rdacontent
|
| 337 |
|
|
|a computer
|b c
|2 rdamedia
|
| 338 |
|
|
|a online resource
|b cr
|2 rdacarrier
|
| 490 |
1 |
|
|a Advances in Inorganic Chemistry,
|x 0898-8838 ;
|v Volume 66
|
| 504 |
|
|
|a Includes bibliographical references at the end of each chapters and index.
|
| 588 |
0 |
|
|a Online resource; title from PDF title page (ebrary, viewed January 23, 2014).
|
| 650 |
|
0 |
|a Carbon dioxide.
|
| 650 |
|
0 |
|a Chemistry, Inorganic.
|
| 650 |
|
7 |
|a Carbon dioxide.
|2 fast
|0 (OCoLC)fst00846814
|
| 650 |
|
7 |
|a Chemistry, Inorganic.
|2 fast
|0 (OCoLC)fst00853488
|
| 655 |
|
4 |
|a Electronic books.
|
| 700 |
1 |
|
|a Eldik, Rudi van.
|
| 700 |
1 |
|
|a Aresta, Michele,
|d 1940-
|
| 700 |
1 |
|
|a Angelini, Antonella.
|
| 776 |
0 |
8 |
|i Print version:
|t CO₂ chemistry.
|b First edition.
|d Waltham, Massachusetts : Academic Press, ©2014
|h xii, 404 pages
|k Advances in inorganic chemistry ; Volume 66
|x 0898-8838
|z 9780124202214
|
| 830 |
|
0 |
|a Advances in inorganic chemistry ;
|v v. 66.
|
| 856 |
4 |
0 |
|u https://www.sciencedirect.com/science/bookseries/08988838/66
|z Full Text via HEAL-Link
|